[Event "Brno Open 2021 - A IM Round Robin"]
[Site "Bobycentrum hotel, Brno"]
[Date "2021.11.25"]
[Round "6"]
[Board "5"]
[White "SABUK, Piotr"]
[Black "BARTOS, Jan"]
[Result "1-0"]
[WhiteElo "2398"]
[BlackElo "2156"]
[PlyCount "49"]
[EventDate "2021.11.21"]
[EventRounds "9"]
[EventCountry "CZE"]

1. d4 Nf6 2. c4 e6 3. Nc3 Bb4 4. f3 d5 5. a3 Be7 6. e4 dxe4 7. fxe4 c5 8. d5
exd5 9. exd5 O-O 10. Be2 a6 11. Nf3 h6 12. O-O Bd6 13. h3 Bf5 14. Nh4 Bh7 15.
Bd3 Bxd3 16. Qxd3 Nbd7 17. Nf5 Ne5 18. Qg3 Nh5 19. Qf2 Nd3 20. Qf3 Nxc1 21.
Qxh5 Nb3 22. Ne4 Nxa1 23. Nxh6+ gxh6 24. Nf6+ Kg7 25. Qg4+  1-0

[Event "Brno Open 2021 - A IM Round Robin"]
[Site "Bobycentrum hotel, Brno"]
[Date "2021.11.26"]
[Round "7"]
[Board "1"]
[White "BARTOS, Jan"]
[Black "FIEDOREK, Michal"]
[Result "0-1"]
[WhiteElo "2156"]
[BlackElo "2336"]
[PlyCount "62"]
[EventDate "2021.11.21"]
[EventRounds "9"]
[EventCountry "CZE"]

1. d4 Nf6 2. c4 e6 3. Nc3 d5 4. Nf3 c5 5. cxd5 Nxd5 6. g3 Nxc3 7. bxc3 cxd4 8.
cxd4 Bb4+ 9. Bd2 Bxd2+ 10. Qxd2 b6 11. Bg2 Bb7 12. O-O O-O 13. Rfd1 Nd7 14. a4
Qc7 15. a5 Rfc8 16. a6 Bd5 17. Rac1 Qd6 18. Rxc8+ Rxc8 19. Rc1 Rxc1+ 20. Qxc1
Qc6 21. Qf4 f6 22. h4 b5 23. Bh3 b4 24. Ne1 b3 25. Nd3 Qb5 26. e4 Qxd3 27. exd5
b2 28. Bxe6+ Kh8 29. Qc7 b1=Q+ 30. Kh2 Qb8 31. Qxd7 Qxd4  0-1

[Event "Brno Open 2021 - A IM Round Robin"]
[Site "Bobycentrum hotel, Brno"]
[Date "2021.11.26"]
[Round "7"]
[Board "2"]
[White "OCHEDZAN, Tymon"]
[Black "SABUK, Piotr"]
[Result "1-0"]
[WhiteElo "2349"]
[BlackElo "2398"]
[PlyCount "139"]
[EventDate "2021.11.21"]
[EventRounds "9"]
[EventCountry "CZE"]

1. e4 e5 2. Nf3 Nc6 3. Bb5 a6 4. Ba4 Nf6 5. O-O b5 6. Bb3 Bc5 7. c3 d6 8. d4
Bb6 9. h3 O-O 10. Be3 exd4 11. cxd4 Nxe4 12. Bd5 Qe8 13. Re1 Nf6 14. Bg5 Nxd5
15. Rxe8 Rxe8 16. Nc3 Be6 17. Qd2 Nxc3 18. bxc3 Bd5 19. Re1 a5 20. Rxe8+ Rxe8
21. Qd3 Na7 22. Qf5 Be6 23. Qe4 f6 24. Be3 Bd7 25. Qd3 d5 26. Bf4 Nc8 27. Nd2
a4 28. g4 c6 29. Kf1 Bd8 30. Qg3 Be7 31. Bb8 Kf7 32. Qc7 Ke6 33. Qg3 Nd6 34.
Bxd6 Bxd6 35. Qh4 Rh8 36. g5 h5 37. gxf6 gxf6 38. f4 Kf7 39. Nf3 Bf5 40. Ne1 a3
41. Qg3 Bb1 42. Qf2 Re8 43. Ng2 Bd3+ 44. Kg1 Rg8 45. Kh2 Be4 46. Ne3 Rg6 47. h4
Kg7 48. Qf1 Kh6 49. Kh3 Rg7 50. Kh2 Kh7 51. Kh3 Kg8 52. Kh2 Kf8 53. Kh3 Ke7 54.
Qe2 Kd7 55. Qxh5 Bxf4 56. Ng4 Ke7 57. Qh8 Kf7 58. Qd8 f5 59. Ne5+ Bxe5 60. dxe5
d4 61. Qf6+ Kg8 62. e6 f4 63. Qxf4 Bd5 64. Qf6 d3 65. e7 Bf7 66. Qxc6 d2 67.
e8=Q+ Bxe8 68. Qxe8+ Kh7 69. Qh5+ Kg8 70. Qd5+  1-0

[Event "Brno Open 2021 - A IM Round Robin"]
[Site "Bobycentrum hotel, Brno"]
[Date "2021.11.26"]
[Round "7"]
[Board "3"]
[White "DEL REY, Diego"]
[Black "NOVOSADOVA, Kristyna"]
[Result "1-0"]
[WhiteElo "2360"]
[BlackElo "2150"]
[PlyCount "117"]
[EventDate "2021.11.21"]
[EventRounds "9"]
[EventCountry "CZE"]

1. d4 Nf6 2. Nf3 g6 3. Bg5 Ne4 4. Bh4 Bg7 5. Nbd2 d5 6. e3 Bg4 7. Be2 c5 8. c3
Nc6 9. Nxe4 dxe4 10. Nd2 Bxe2 11. Qxe2 f5 12. O-O Qd5 13. Qb5 O-O 14. Nb3 e5
15. Qxc5 Qf7 16. d5 Nb8 17. Rad1 Bf6 18. Bxf6 Qxf6 19. Qc7 f4 20. Qc4 f3 21.
Qxe4 Qg5 22. g3 Nd7 23. d6 Qh5 24. Qh4 Qf5 25. e4 Qe6 26. Rd3 Rf7 27. h3 h5 28.
Kh2 Raf8 29. Rd5 b6 30. Qg5 Re8 31. Rd3 Kg7 32. Re1 Nf8 33. Qd2 Nd7 34. Ree3
Ref8 35. Qd1 g5 36. Rxf3 g4 37. Rxf7+ Rxf7 38. Qd2 Qg6 39. Qe3 gxh3 40. f3 Kh7
41. Nd2 Rf6 42. Nc4 b5 43. Na3 h4 44. g4 Rxd6 45. Nxb5 Rxd3 46. Qxd3 Qf7 47.
Kxh3 Nc5 48. Qe3 Qc4 49. Nd6 Qf1+ 50. Kxh4 Qh1+ 51. Kg3 Nd7 52. Nf5 Kg6 53.
Qxa7 Qe1+ 54. Kg2 Qd2+ 55. Qf2 Qc1 56. Ne7+ Kf6 57. Nd5+ Ke6 58. a4 Kd6 59. b4
 1-0

[Event "Brno Open 2021 - A IM Round Robin"]
[Site "Bobycentrum hotel, Brno"]
[Date "2021.11.26"]
[Round "7"]
[Board "4"]
[White "FINEK, Vaclav"]
[Black "PISK, Petr"]
[Result "1/2-1/2"]
[WhiteElo "2413"]
[BlackElo "2325"]
[PlyCount "24"]
[EventDate "2021.11.21"]
[EventRounds "9"]
[EventCountry "CZE"]

1. Nf3 Nf6 2. d4 d5 3. c4 e6 4. g3 Bb4+ 5. Bd2 Bd6 6. Bg2 O-O 7. O-O c6 8. Qc2
Ne4 9. Bf4 Bxf4 10. gxf4 Nd7 11. Nc3 f5 12. e3 h6  1/2-1/2

[Event "Brno Open 2021 - A IM Round Robin"]
[Site "Bobycentrum hotel, Brno"]
[Date "2021.11.26"]
[Round "7"]
[Board "5"]
[White "KUSA, Jakub"]
[Black "BUBALOVIC, Davorin"]
[Result "1-0"]
[WhiteElo "2326"]
[BlackElo "2230"]
[PlyCount "117"]
[EventDate "2021.11.21"]
[EventRounds "9"]
[EventCountry "CZE"]

1. d4 d5 2. Nf3 Nf6 3. c4 e6 4. g3 Be7 5. Bg2 O-O 6. O-O dxc4 7. Qc2 Bd7 8.
Qxc4 Bc6 9. Bf4 Nbd7 10. Nc3 Bd6 11. Rac1 Qe7 12. Rfd1 h6 13. Ne5 Bxg2 14. Kxg2
c6 15. Nxd7 Qxd7 16. Be5 Be7 17. e4 Rfd8 18. f3 Rac8 19. b4 b5 20. Qb3 Qb7 21.
Bxf6 Bxf6 22. Ne2 Qb6 23. e5 Be7 24. Rd3 a5 25. bxa5 Qxa5 26. Rdc3 c5 27. dxc5
Rd2 28. R1c2 Rxc2 29. Qxc2 b4 30. Rc4 Rxc5 31. Rxc5 Bxc5 32. Qc4 Ba7 33. f4 Qb6
34. Nc1 Qg1+ 35. Kh3 Qd1 36. Nb3 Bg1 37. Kg2 Qe1 38. Qf1 Qxf1+ 39. Kxf1 Bb6 40.
Nc1 Bd4 41. Nd3 Bc3 42. Ke2 g5 43. Kd1 g4 44. Nf2 h5 45. Ne4 Bd4 46. Nf6+ Kg7
47. Nxh5+ Kg6 48. Nf6 Kf5 49. Ke2 Bb6 50. Ne8 Bd4 51. Nd6+ Kg6 52. Ne4 Kf5 53.
Nd6+ Kg6 54. Nc4 f6 55. exf6 Bxf6 56. Ne3 Kh5 57. Kd3 Bg7 58. Ke4 Bc3 59. f5
 1-0

[Event "Brno Open 2021 - A IM Round Robin"]
[Site "Bobycentrum hotel, Brno"]
[Date "2021.11.27"]
[Round "8"]
[Board "1"]
[White "FIEDOREK, Michal"]
[Black "BUBALOVIC, Davorin"]
[Result "1-0"]
[WhiteElo "2336"]
[BlackElo "2230"]
[PlyCount "138"]
[EventDate "2021.11.21"]
[EventRounds "9"]
[EventCountry "CZE"]

1. e4 c5 2. Nf3 e6 3. d4 cxd4 4. Nxd4 a6 5. Bd3 Bc5 6. Nb3 Be7 7. Qg4 g6 8. Qe2
d6 9. O-O Nd7 10. Nc3 Qc7 11. Bd2 b6 12. Rae1 Bb7 13. f4 Ngf6 14. e5 Nh5 15. f5
Nxe5 16. fxe6 fxe6 17. Nd4 Qd7 18. Bh6 Bf8 19. Bg5 Be7 20. Ne4 Ng7 21. Bxe7
Qxe7 22. Nxd6+ Qxd6 23. Qxe5 O-O-O 24. Qxg7 Qxd4+ 25. Qxd4 Rxd4 26. Rxe6 b5 27.
Re7 Rd7 28. Rxd7 Kxd7 29. Rf7+ Kc8 30. h4 Bd5 31. Re7 Bc6 32. Kf2 Bd7 33. Ke3
Kc7 34. Kd4 Kd6 35. Rg7 a5 36. a3 a4 37. Kc3 Bc6 38. g3 Kc5 39. Rf7 Bd5 40. Re7
Kd6 41. Rg7 Kc5 42. g4 Bf3 43. g5 Bd5 44. Ra7 Kb6 45. Re7 Kc5 46. Kd2 Kd6 47.
Rg7 Kc5 48. Ke3 Re8+ 49. Kf4 Rf8+ 50. Kg3 Rf3+ 51. Kg4 Rf2 52. Rxh7 Rg2+ 53.
Kf4 Kd4 54. Rd7 Rf2+ 55. Kg3 Rg2+ 56. Kh3 Rg1 57. Re7 Rh1+ 58. Kg3 Rg1+ 59. Kf2
Rg2+ 60. Ke1 Rg4 61. Bxg6 Rxh4 62. Bd3 Bc4 63. Rd7+ Ke3 64. Re7+ Kd4 65. Kd2
Rg4 66. Rd7+ Kc5 67. Rc7+ Kd4 68. c3+ Kd5 69. Bxc4+ Rxc4 {unreadable}  1-0

[Event "Brno Open 2021 - A IM Round Robin"]
[Site "Bobycentrum hotel, Brno"]
[Date "2021.11.27"]
[Round "8"]
[Board "3"]
[White "NOVOSADOVA, Kristyna"]
[Black "FINEK, Vaclav"]
[Result "0-1"]
[WhiteElo "2150"]
[BlackElo "2413"]
[PlyCount "186"]
[EventDate "2021.11.21"]
[EventRounds "9"]
[EventCountry "CZE"]

1. Nf3 Nf6 2. d4 g6 3. c4 Bg7 4. Nc3 d5 5. cxd5 Nxd5 6. e4 Nxc3 7. bxc3 c5 8.
Be2 O-O 9. Rb1 Qc7 10. O-O b6 11. Bg5 Bb7 12. Qd3 e6 13. Qe3 Nd7 14. e5 Bd5 15.
Be7 Rfc8 16. Bd6 cxd4 17. cxd4 Qb7 18. h4 Bxa2 19. Ra1 Bc4 20. h5 Bxe2 21. Qxe2
b5 22. hxg6 hxg6 23. Rfb1 a6 24. Ra3 Bh6 25. Nh2 Qc6 26. Rh3 Bg7 27. Qg4 Qc2
28. Rf1 Rc3 29. Rxc3 Qxc3 30. Qh4 b4 31. Nf3 Nf8 32. Ng5 Qd2 33. Ne4 Qd3 34.
Bxb4 Nh7 35. Re1 Rb8 36. Bd6 Ra8 37. Nc5 Qd2 38. Qe4 Rc8 39. Rb1 Qa2 40. Qb7
Re8 41. Nxa6 Qc2 42. Nc7 Rd8 43. Qb3 Qxb3 44. Rxb3 Bf8 45. Bc5 Rd7 46. Na6 Kg7
47. Rb6 g5 48. g4 Be7 49. Nb8 Rc7 50. Na6 Rd7 51. Kg2 Nf8 52. Rb8 Ng6 53. Kf3
Bxc5 54. dxc5 Nxe5+ 55. Ke4 Nxg4 56. c6 f5+ 57. Kf3 Ne5+ 58. Kg2 Nxc6 59. Rb6
Nd4 60. Nc5 Re7 61. Rd6 e5 62. Nd7 Nb5 63. Rd5 Nc7 64. Rd6 Ne8 65. Rd1 Nf6 66.
Nc5 Kg6 67. Rd6 e4 68. Ne6 f4 69. Nd4 Rd7 70. Rxd7 Nxd7 71. Kh3 Ne5 72. Kg2 Kf6
73. Kh3 Ke7 74. Kg2 Kd6 75. Nf5+ Kd5 76. Kf1 f3 77. Ke1 Nd3+ 78. Kf1 Ke5 79.
Ne3 Nf4 80. Ng4+ Kd4 81. Ke1 Nd3+ 82. Kf1 Ne5 83. Ne3 Kd3 84. Ke1 Nc6 85. Ng4
Kd4 86. Ne3 Ke5 87. Ng4+ Kf4 88. Ne3 Nb4 89. Kf1 g4 90. Kg1 g3 91. Nf1 gxf2+
92. Kxf2 Nd3+ 93. Kg1 e3  0-1

[Event "Brno Open 2021 - A IM Round Robin"]
[Site "Bobycentrum hotel, Brno"]
[Date "2021.11.27"]
[Round "8"]
[Board "4"]
[White "SABUK, Piotr"]
[Black "DEL REY, Diego"]
[Result "1/2-1/2"]
[WhiteElo "2398"]
[BlackElo "2360"]
[PlyCount "107"]
[EventDate "2021.11.21"]
[EventRounds "9"]
[EventCountry "CZE"]

1. d4 d5 2. c4 c6 3. Nf3 Nf6 4. g3 Bg4 5. Ne5 Bh5 6. Qb3 Qb6 7. c5 Qxb3 8. axb3
Nfd7 9. g4 Nxe5 10. gxh5 Ned7 11. e3 e5 12. b4 Be7 13. Nd2 Bf6 14. Nb3 Kd8 15.
f4 exf4 16. exf4 Bh4+ 17. Ke2 Nf6 18. Kf3 Ne4 19. Rg1 g6 20. b5 cxb5 21. Bxb5
Kc7 22. Be3 Nc6 23. Na5 Ne7 24. f5 g5 25. f6 Nf5 26. Nc4 Nxf6 27. Ne5 Ne4 28.
Rgf1 f6 29. Ng4 Rhf8 30. Ke2 Ne7 31. Kd3 f5 32. Ne5 f4 33. Bg1 Nf6 34. Nf3 Nf5
35. h6 Ne4 36. Ba4 Rf6 37. Bb3 Rd8 38. Rxa7 Rxh6 39. Ne5 Ra6 40. Rxa6 bxa6 41.
Bxd5 Nxc5+ 42. dxc5 Ne7 43. Nf3 Nxd5 44. Kc4 a5 45. Nd4 Rd7 46. c6 Nb6+ 47. Kb5
Rd5+ 48. Ka6 Nc8 49. Rc1 Nd6 50. Nf3 Nc8 51. Nd4 Nd6 52. Nf3 Nc8 53. Nd4 Nd6
54. Nf3  1/2-1/2

[Event "Brno Open 2021 - A IM Round Robin"]
[Site "Bobycentrum hotel, Brno"]
[Date "2021.11.27"]
[Round "8"]
[Board "5"]
[White "BARTOS, Jan"]
[Black "OCHEDZAN, Tymon"]
[Result "0-1"]
[WhiteElo "2156"]
[BlackElo "2349"]
[PlyCount "90"]
[EventDate "2021.11.21"]
[EventRounds "9"]
[EventCountry "CZE"]

1. d4 Nf6 2. Nf3 c5 3. d5 b5 4. e4 Nxe4 5. Bd3 Qa5+ 6. Nbd2 Nf6 7. O-O Bb7 8.
c4 d6 9. Re1 Nbd7 10. a3 Qc7 11. b3 g6 12. Qe2 Nb6 13. Bb2 Bg7 14. Rac1 bxc4
15. bxc4 Nc8 16. Rb1 O-O 17. Ng5 Ba6 18. Qd1 Nb6 19. Qc2 Qd7 20. Nde4 Nh5 21.
Bxg7 Nxg7 22. Ng3 Qg4 23. Nh3 e5 24. Ne4 Ne8 25. f4 f6 26. Rf1 Rc8 27. f5 Qh4
28. Rf3 Rc7 29. fxg6 hxg6 30. Rg3 Rg7 31. Rf1 f5 32. Neg5 Nc7 33. Nf3 Qh6 34.
Nhg5 Re7 35. Be2 e4 36. Nd2 Nbxd5 37. Ndxe4 fxe4 38. cxd5 Rxf1+ 39. Bxf1 Bxf1
40. Kxf1 Qf8+ 41. Kg1 Qf6 42. h3 Nxd5 43. Kh2 Kg7 44. Rg4 Qe5+ 45. Kh1 Ne3  0-1

[Event "Brno Open 2021 - A IM Round Robin"]
[Site "Bobycentrum hotel, Brno"]
[Date "2021.11.28"]
[Round "9"]
[Board "1"]
[White "OCHEDZAN, Tymon"]
[Black "FIEDOREK, Michal"]
[Result "1/2-1/2"]
[WhiteElo "2349"]
[BlackElo "2336"]
[PlyCount "87"]
[EventDate "2021.11.21"]
[EventRounds "9"]
[EventCountry "CZE"]

1. e4 c5 2. Nf3 Nc6 3. d4 cxd4 4. Nxd4 Nf6 5. Nc3 d6 6. g3 g6 7. Nde2 Bg7 8.
Bg2 O-O 9. O-O Rb8 10. a4 Be6 11. Nf4 Bd7 12. Nfd5 Nxd5 13. exd5 Ne5 14. Nb5 a6
15. Nd4 Qc8 16. Re1 Bg4 17. f3 Bh3 18. Bxh3 Qxh3 19. Bg5 Rfe8 20. c3 Rbc8 21.
Be3 Qh5 22. f4 Ng4 23. Nf3 Nf6 24. Ng5 h6 25. Qxh5 gxh5 26. Nf3 Nxd5 27. Rad1
e6 28. f5 Nxe3 29. Rxe3 d5 30. fxe6 fxe6 31. Nd4 Rc4 32. Nf5 Rxa4 33. Rxd5 Ra1+
34. Kg2 Ra2 35. Rd2 Bxc3 36. Rxc3 exf5 37. Rc7 b5 38. Kh3 Ra4 39. Rd6 Rg4 40.
Rxa6 h4 41. Rb6 hxg3 42. hxg3 b4 43. Rb5 h5 44. Rd7  1/2-1/2

[Event "Brno Open 2021 - A IM Round Robin"]
[Site "Bobycentrum hotel, Brno"]
[Date "2021.11.28"]
[Round "9"]
[Board "2"]
[White "DEL REY, Diego"]
[Black "BARTOS, Jan"]
[Result "1-0"]
[WhiteElo "2360"]
[BlackElo "2156"]
[PlyCount "91"]
[EventDate "2021.11.21"]
[EventRounds "9"]
[EventCountry "CZE"]

1. d4 d5 2. Nf3 Nf6 3. g3 c5 4. Bg2 cxd4 5. O-O h6 6. Bf4 Nbd7 7. Qxd4 e6 8.
Nc3 Bc5 9. Qd3 O-O 10. Na4 Be7 11. c4 Qa5 12. Qc2 dxc4 13. Nd2 Nd5 14. Nxc4 Qa6
15. Bxd5 exd5 16. Ne3 Nf6 17. Rfd1 Be6 18. Nc3 Rfd8 19. Be5 Rac8 20. Qd3 Qa5
21. Bd4 Nd7 22. Nf5 Bxf5 23. Qxf5 Nf6 24. Bxf6 Bxf6 25. Nxd5 Qa6 26. Nxf6+ Qxf6
27. Qxf6 gxf6 28. Kf1 Rxd1+ 29. Rxd1 Rc2 30. Rb1 Kg7 31. Ke1 Kg6 32. Kd1 Rc5
33. Rc1 Rd5+ 34. Ke1 Rh5 35. Rc7 Rb5 36. b3 a5 37. Kd2 Rd5+ 38. Kc3 b5 39. a3
Rd1 40. Ra7 b4+ 41. axb4 axb4+ 42. Kxb4 Rh1 43. Ra2 Rxh2 44. e3 Kf5 45. Kc5 Rh1
46. b4  1-0

[Event "Brno Open 2021 - A IM Round Robin"]
[Site "Bobycentrum hotel, Brno"]
[Date "2021.11.28"]
[Round "9"]
[Board "3"]
[White "FINEK, Vaclav"]
[Black "SABUK, Piotr"]
[Result "1/2-1/2"]
[WhiteElo "2413"]
[BlackElo "2398"]
[PlyCount "49"]
[EventDate "2021.11.21"]
[EventRounds "9"]
[EventCountry "CZE"]

1. Nf3 d5 2. d4 Nf6 3. c4 e6 4. g3 c6 5. Qc2 Nbd7 6. Bg2 Bb4+ 7. Bd2 Bd6 8. O-O
O-O 9. Bf4 Bxf4 10. gxf4 b6 11. cxd5 Nxd5 12. Qd2 Bb7 13. Nc3 c5 14. Nxd5 Bxd5
15. dxc5 Nxc5 16. Rfd1 Qf6 17. Ne5 Bxg2 18. Kxg2 g5 19. Ng4 Qxf4 20. Qxf4 gxf4
21. Kf3 Rfd8 22. Kxf4 Kg7 23. Rac1 f5 24. Ne5 a5 25. Nc4  1/2-1/2

[Event "Brno Open 2021 - A IM Round Robin"]
[Site "Bobycentrum hotel, Brno"]
[Date "2021.11.28"]
[Round "9"]
[Board "4"]
[White "KUSA, Jakub"]
[Black "NOVOSADOVA, Kristyna"]
[Result "1-0"]
[WhiteElo "2326"]
[BlackElo "2150"]
[PlyCount "77"]
[EventDate "2021.11.21"]
[EventRounds "9"]
[EventCountry "CZE"]

1. d4 Nf6 2. c4 g6 3. Nc3 d5 4. cxd5 Nxd5 5. e4 Nxc3 6. bxc3 Bg7 7. Nf3 c5 8.
Rb1 O-O 9. Be2 Qc7 10. O-O b6 11. Be3 Bb7 12. Bd3 Nd7 13. Qd2 Rfc8 14. Rbc1 c4
15. Bb1 b5 16. Rfe1 a5 17. d5 b4 18. Bd4 Ne5 19. Nh4 Ng4 20. g3 Bxd4 21. cxd4
Qd7 22. e5 Kg7 23. e6 Qd6 24. exf7 Nf6 25. Re5 Kxf7 26. Qh6 Rg8 27. Nf3 Bxd5
28. Ng5+ Ke8 29. Rce1 Ra7 30. Nxh7 Ng4 31. Rxd5 Qxd5 32. Qf4 Ra6 33. Qxg4 Kd8
34. Ng5 Qd7 35. Qf4 Kc8 36. Qf7 Rd8 37. Ne6 Rxe6 38. Rxe6 Qxd4 39. Be4  1-0

[Event "Brno Open 2021 - C FIDE open"]
[Site "Bobycentrum hotel, Brno"]
[Date "2021.11.20"]
[Round "1"]
[Board "1"]
[White "TREBICKY, Jiri"]
[Black "MOSKVIN, Anatoly"]
[Result "0-1"]
[WhiteElo "1723"]
[BlackElo "2201"]
[PlyCount "46"]
[EventDate "2021.11.20"]
[EventRounds "9"]
[EventCountry "CZE"]

1. e4 e5 2. Nc3 Nc6 3. f4 exf4 4. Nf3 g5 5. Bc4 Bg7 6. O-O d6 7. d4 Bg4 8. Bb5
a6 9. Bxc6+ bxc6 10. Qd3 h6 11. g3 fxg3 12. hxg3 Qd7 13. Be3 Ne7 14. Rae1 O-O
15. Re2 Bh5 16. Rh2 Bg6 17. Qd2 Qg4 18. Kg2 f5 19. Nxg5 f4 20. Rxf4 Rxf4 21.
Bxf4 hxg5 22. Bxg5 Bxe4+ 23. Nxe4 Qxe4+  0-1

[Event "Brno Open 2021 - C FIDE open"]
[Site "Bobycentrum hotel, Brno"]
[Date "2021.11.20"]
[Round "1"]
[Board "2"]
[White "THUESEN, Mogens"]
[Black "OCHEDZAN, Filip"]
[Result "0-1"]
[WhiteElo "2188"]
[BlackElo "1685"]
[PlyCount "88"]
[EventDate "2021.11.20"]
[EventRounds "9"]
[EventCountry "CZE"]

1. d4 d5 2. c4 dxc4 3. Nf3 Nf6 4. e3 e6 5. Bxc4 c5 6. O-O Nc6 7. Nc3 a6 8. a4
cxd4 9. exd4 Be7 10. Re1 O-O 11. Bg5 b6 12. Qd2 h6 13. Bf4 Bb7 14. Rad1 Rc8 15.
Qe2 Nb4 16. Ne5 Nfd5 17. Bc1 Bf6 18. Nxd5 Bxd5 19. Bxd5 Qxd5 20. Ng4 Bg5 21.
Bxg5 Qxg5 22. Qf3 h5 23. Ne3 Rfd8 24. Qb7 b5 25. axb5 Qxb5 26. Qf3 Rd7 27. Nf1
Nc6 28. Qc3 Rcd8 29. Re4 e5 30. Rde1 Rxd4 31. Ng3 Rxe4 32. Nxe4 Qb4 33. Kf1
Qxc3 34. bxc3 f6 35. Ra1 a5 36. Ke2 Kf7 37. h3 g6 38. g4 hxg4 39. hxg4 Kg7 40.
Nd2 Rb8 41. Nc4 Rb5 42. Rd1 Rc5 43. Rd7+ Kg8 44. Kd3 e4+  0-1

[Event "Brno Open 2021 - C FIDE open"]
[Site "Bobycentrum hotel, Brno"]
[Date "2021.11.20"]
[Round "1"]
[Board "3"]
[White "BEDNAR, Jan"]
[Black "NEZVAL, Filip"]
[Result "0-1"]
[WhiteElo "1666"]
[BlackElo "2158"]
[PlyCount "98"]
[EventDate "2021.11.20"]
[EventRounds "9"]
[EventCountry "CZE"]

1. e4 c6 2. d4 d5 3. exd5 cxd5 4. Nf3 Nc6 5. Be2 Bf5 6. O-O e6 7. a3 Bd6 8. Bg5
Qc7 9. Bh4 Nf6 10. Nc3 a6 11. Bg3 b5 12. Bxb5 Bxg3 13. Bxc6+ Qxc6 14. fxg3 Rb8
15. Ne5 Qc7 16. Rb1 O-O 17. g4 Bg6 18. Nxg6 hxg6 19. h3 Rfc8 20. Rf2 Qc4 21.
Rf3 Rc7 22. Qd3 Qc6 23. Rf2 Qc4 24. Rf3 a5 25. Kh1 a4 26. g5 Ne4 27. Qxc4 Rxc4
28. Nxe4 dxe4 29. Rf2 Rxd4 30. b4 Rb5 31. Re2 Rc4 32. h4 e3 33. g3 Rc3 34. Ra1
e5 35. Kg2 e4 36. Kf1 f6 37. gxf6 gxf6 38. Kg2 Kf7 39. Kh3 f5 40. Ra2 Rd5 41.
Kg2 Ke6 42. Rb2 Rxa3 43. c4 Rdd3 44. b5 Rab3 45. b6 Kd7 46. c5 Kc6 47. Kf1 Rd1+
48. Kg2 Rxb2 49. Rxb2 Rd2+  0-1

[Event "Brno Open 2021 - C FIDE open"]
[Site "Bobycentrum hotel, Brno"]
[Date "2021.11.20"]
[Round "1"]
[Board "4"]
[White "JIRES, Jiri"]
[Black "KRYSTL, Jaromir"]
[Result "1-0"]
[WhiteElo "2153"]
[BlackElo "1624"]
[PlyCount "41"]
[EventDate "2021.11.20"]
[EventRounds "9"]
[EventCountry "CZE"]

1. e4 d5 2. exd5 Nf6 3. Nc3 Nxd5 4. d4 a6 5. Be2 Bf5 6. Nxd5 Qxd5 7. Nf3 Nc6 8.
O-O Rd8 9. c4 Qe4 10. Be3 e5 11. Ng5 Qc2 12. Qxc2 Bxc2 13. dxe5 Nxe5 14. f4 Ng6
15. Bf3 Rd3 16. Rfe1 Be7 17. Bc5 b6 18. Bxe7 Nxe7 19. Bc6+ Kf8 20. Be4 Rd2 21.
Nf3  1-0

[Event "Brno Open 2021 - C FIDE open"]
[Site "Bobycentrum hotel, Brno"]
[Date "2021.11.20"]
[Round "1"]
[Board "5"]
[White "KREJCI, Vera Marie"]
[Black "TAJOVSKY, Matej"]
[Result "0-1"]
[WhiteElo "1491"]
[BlackElo "2113"]
[PlyCount "120"]
[EventDate "2021.11.20"]
[EventRounds "9"]
[EventCountry "CZE"]

1. e4 c5 2. Nf3 e6 3. d4 cxd4 4. Nxd4 a6 5. Nc3 Qc7 6. g3 Nf6 7. Bg2 Be7 8. O-O
O-O 9. Be3 d6 10. Nb3 Nc6 11. Qe2 b5 12. a3 Bb7 13. Rad1 Rac8 14. Nd2 Rfd8 15.
Rfe1 Nd7 16. Na2 Nb6 17. c3 Bf6 18. Bxb6 Qxb6 19. Nf3 a5 20. Rd3 b4 21. Qd2
bxa3 22. b4 Be7 23. Qe3 Qxe3 24. Rexe3 Ba6 25. Rd2 Rb8 26. bxa5 Rb1+ 27. Re1
Rdb8 28. Nb4 Rxe1+ 29. Nxe1 Nxb4 30. cxb4 Rxb4 31. Bf1 Bxf1 32. Kxf1 Rxe4 33.
Ra2 Ra4 34. Nc2 d5 35. Ke2 Kf8 36. Kd3 Ke8 37. Nd4 Rxa5 38. f3 Kd7 39. g4 g6
40. h3 e5 41. Ne2 Kc6 42. Nc1 Kb5 43. Re2 f6 44. Na2 Ka4 45. Rc2 Rc5 46. Re2 d4
47. Rc2 Rxc2 48. Kxc2 d3+ 49. Kxd3 Kb3 50. Nc1+ Kb2 51. Kd2 f5 52. Nd3+ Kb1 53.
Nxe5 a2 54. gxf5 gxf5 55. Nc6 a1=Q 56. Nxe7 Qd4+ 57. Ke1 Qe5+ 58. Kf2 Qxe7 59.
Kg2 f4 60. Kh1 Qe2  0-1

[Event "Brno Open 2021 - C FIDE open"]
[Site "Bobycentrum hotel, Brno"]
[Date "2021.11.20"]
[Round "1"]
[Board "6"]
[White "BARAK, David"]
[Black "RYCHTECKY, Pavel"]
[Result "1-0"]
[WhiteElo "2097"]
[BlackElo "1476"]
[PlyCount "61"]
[EventDate "2021.11.20"]
[EventRounds "9"]
[EventCountry "CZE"]

1. d4 Nf6 2. c4 e6 3. Nc3 Bb4 4. e3 O-O 5. Bd3 d5 6. Nf3 c5 7. O-O cxd4 8. exd4
Nc6 9. Bg5 Be7 10. Re1 h6 11. Bf4 Nh5 12. Be3 f5 13. cxd5 exd5 14. Qb3 Nf6 15.
Bf4 a6 16. Rac1 Na5 17. Qc2 Bd6 18. Bxd6 Qxd6 19. Bxf5 Nc6 20. Bxc8 Raxc8 21.
Qf5 Rce8 22. h3 Rf7 23. Rxe8+ Nxe8 24. Qxd5 Qf6 25. Re1 Nc7 26. Qc4 b5 27. Qd3
Rd7 28. Rd1 b4 29. Qc4+ Kf8 30. Ne4 Qe7 31. Qxc6  1-0

[Event "Brno Open 2021 - C FIDE open"]
[Site "Bobycentrum hotel, Brno"]
[Date "2021.11.20"]
[Round "1"]
[Board "8"]
[White "GURACK, Daniel"]
[Black "SCHOEPPE, Christian"]
[Result "1-0"]
[WhiteElo "2076"]
[BlackElo "1440"]
[PlyCount "51"]
[EventDate "2021.11.20"]
[EventRounds "9"]
[EventCountry "CZE"]

1. e4 e5 2. Nf3 Nf6 3. Nxe5 Qe7 4. d4 Nxe4 5. Be2 d6 6. Nf3 Bf5 7. c4 Nd7 8.
Nc3 Qd8 9. O-O Nxc3 10. bxc3 Be7 11. Bd3 Bg4 12. Re1 O-O 13. Rb1 Rb8 14. Bf4 f5
15. h3 Bh5 16. Qe2 Re8 17. Bxf5 Bf6 18. Qd3 Bxf3 19. Qxf3 Rxe1+ 20. Rxe1 Nf8
21. Qd5+ Kh8 22. Qf7 c5 23. dxc5 Bxc3 24. Rd1 Qf6 25. Qxf6 Bxf6 26. cxd6  1-0

[Event "Brno Open 2021 - C FIDE open"]
[Site "Bobycentrum hotel, Brno"]
[Date "2021.11.20"]
[Round "1"]
[Board "9"]
[White "BASTYR, Pavel"]
[Black "SALERNO, Christian"]
[Result "0-1"]
[WhiteElo "1423"]
[BlackElo "2048"]
[PlyCount "32"]
[EventDate "2021.11.20"]
[EventRounds "9"]
[EventCountry "CZE"]

1. d4 Nf6 2. c4 g6 3. Nc3 d5 4. cxd5 Nxd5 5. e4 Nxc3 6. bxc3 c5 7. Nf3 Bg7 8.
Be3 O-O 9. Bd3 Nc6 10. e5 Bg4 11. Be4 Qa5 12. Qb3 Bxf3 13. Bxf3 cxd4 14. Bxc6
dxe3 15. Bf3 exf2+ 16. Kxf2 Qc5+  0-1

[Event "Brno Open 2021 - C FIDE open"]
[Site "Bobycentrum hotel, Brno"]
[Date "2021.11.20"]
[Round "1"]
[Board "10"]
[White "BENES, Miroslav"]
[Black "BADRAKOVA, Kseniya"]
[Result "1-0"]
[WhiteElo "1988"]
[BlackElo "1420"]
[PlyCount "107"]
[EventDate "2021.11.20"]
[EventRounds "9"]
[EventCountry "CZE"]

1. c4 c5 2. Nc3 Nc6 3. g3 e5 4. Bg2 g6 5. Nf3 Bg7 6. d3 d6 7. a3 Nge7 8. Bd2
Rb8 9. Rb1 O-O 10. b4 f5 11. Qc1 Nd4 12. Bg5 Ne6 13. Bxe7 Qxe7 14. Nd5 Qf7 15.
Nd2 Nc7 16. bxc5 dxc5 17. O-O Re8 18. Nb3 Bf8 19. Qc3 b6 20. Na5 Nxd5 21. cxd5
Bd7 22. Nc4 Qg7 23. e4 b5 24. Nd2 Rec8 25. Rfc1 b4 26. Qa1 Bb5 27. Nc4 Bxc4 28.
dxc4 Bd6 29. Bh3 Rf8 30. axb4 Rxb4 31. Rxb4 cxb4 32. c5 Bb8 33. Bg2 fxe4 34.
Bxe4 Qf7 35. f3 Rc8 36. Qa6 Qc7 37. Qc4 Kg7 38. Qxb4 a5 39. Qc4 Qxc5+ 40. Qxc5
Rxc5 41. Rb1 Bd6 42. Rb6 Bf8 43. Rb7+ Kh6 44. Kg2 a4 45. Ra7 a3 46. Kh3 Rc1 47.
Kh4 Be7+ 48. Rxe7 a2 49. g4 Rg1 50. g5+ Rxg5 51. Ra7 Rh5+ 52. Kg3 Rg5+ 53. Kf2
Rh5 54. Kg1  1-0

[Event "Brno Open 2021 - C FIDE open"]
[Site "Bobycentrum hotel, Brno"]
[Date "2021.11.21"]
[Round "2"]
[Board "1"]
[White "MOSKVIN, Anatoly"]
[Black "JIRUSE, Josef"]
[Result "1-0"]
[WhiteElo "2201"]
[BlackElo "1962"]
[PlyCount "33"]
[EventDate "2021.11.20"]
[EventRounds "9"]
[EventCountry "CZE"]

1. e4 c6 2. d4 d5 3. f3 dxe4 4. fxe4 e5 5. Nf3 exd4 6. Bc4 Be7 7. O-O Be6 8.
Bxe6 fxe6 9. Nxd4 Qb6 10. Kh1 c5 11. Qh5+ Kd8 12. Qf7 cxd4 13. Qxg7 Qb5 14. c4
dxc3 15. Rd1+ Nd7 16. Nxc3 Bf6 17. Qf8+  1-0